|
|
|
|
| LEADER |
01930nam a2200493 a 4500 |
| 001 |
EBC744116 |
| 003 |
MiAaPQ |
| 005 |
20200520144314.0 |
| 006 |
m o d | |
| 007 |
cr cn||||||||| |
| 008 |
110810s2011 dcuabd sb 001 0 eng d |
| 010 |
|
|
|z 2011283722
|
| 020 |
|
|
|z 9780821384541 (pbk.)
|
| 020 |
|
|
|z 0821384546 (pbk.)
|
| 020 |
|
|
|a 9780821386767 (electronic bk.)
|
| 035 |
|
|
|a (MiAaPQ)EBC744116
|
| 035 |
|
|
|a (Au-PeEL)EBL744116
|
| 035 |
|
|
|a (CaPaEBR)ebr10506394
|
| 035 |
|
|
|a (OCoLC)754333925
|
| 040 |
|
|
|a MiAaPQ
|c MiAaPQ
|d MiAaPQ
|
| 043 |
|
|
|a f------
|
| 050 |
|
4 |
|a HC800.Z9
|b I5537 2011
|
| 082 |
0 |
4 |
|a 384.5/3
|2 23
|
| 100 |
1 |
|
|a Williams, Mark D. J.,
|d 1972-
|
| 245 |
1 |
0 |
|a Africa's ICT infrastructure
|h [electronic resource] :
|b building on the mobile revolution /
|c Mark D.J. Williams, Rebecca Mayer, and Michael Minges.
|
| 246 |
3 |
|
|a Africa's information and communication technologies infrastructure
|
| 260 |
|
|
|a Washington, D.C. :
|b World Bank,
|c 2011.
|
| 300 |
|
|
|a xxv, 279 p. :
|b ill., map.
|
| 490 |
1 |
|
|a Directions in development. Infrastructure
|
| 500 |
|
|
|a "Vivien Foster and Cecilia Briceno-Garmendia, series editors."
|
| 504 |
|
|
|a Includes bibliographical references and index.
|
| 533 |
|
|
|a Electronic reproduction. Ann Arbor, MI : ProQuest, 2015. Available via World Wide Web. Access may be limited to ProQuest affiliated libraries.
|
| 650 |
|
0 |
|a Information technology
|z Africa.
|
| 650 |
|
0 |
|a Telecommunication
|z Africa.
|
| 650 |
|
0 |
|a Economic assistance
|z Africa.
|
| 655 |
|
4 |
|a Electronic books.
|
| 700 |
1 |
|
|a Mayer, Rebecca.
|
| 700 |
1 |
|
|a Minges, Michael.
|
| 700 |
1 |
|
|a Foster, Vivien,
|d 1968-
|
| 700 |
1 |
|
|a Briceno-Garmendia, Cecilia.
|
| 710 |
2 |
|
|a World Bank.
|
| 710 |
2 |
|
|a ProQuest (Firm)
|
| 830 |
|
0 |
|a Directions in development (Washington, D.C.).
|p Infrastructure.
|
| 856 |
4 |
0 |
|u https://ebookcentral.proquest.com/lib/matrademy/detail.action?docID=744116
|z Click to View
|